Detalles MARC
| 000 -CABECERA |
| campo de control de longitud fija |
03495nam a2200325 i 4500 |
| 001 - NÚMERO DE CONTROL |
| campo de control |
000007003 |
| 003 - IDENTIFICADOR DEL NÚMERO DE CONTROL |
| campo de control |
DO-SdBNP |
| 005 - FECHA Y HORA DE LA ÚLTIMA TRANSACCIÓN |
| campo de control |
20251120073731.0 |
| 007 - CAMPO FIJO DE DESCRIPCIÓN FÍSICA--INFORMACIÓN GENERAL |
| campo de control de longitud fija |
ta |
| 008 - DATOS DE LONGITUD FIJA--INFORMACIÓN GENERAL |
| campo de control de longitud fija |
090904t1991 dr 001 0 spa d |
| 040 ## - FUENTE DE LA CATALOGACIÓN |
| Centro catalogador/agencia de origen |
DO-SdBNP |
| Lengua de catalogación |
spa |
| Centro/agencia transcriptor |
BNPHU |
| Normas de descripción |
rda |
| 041 ## - CÓDIGO DE LENGUA |
| Código de lengua del texto/banda sonora o título independiente |
spa |
| 082 #4 - NÚMERO DE LA CLASIFICACIÓN DECIMAL DEWEY |
| Número de clasificación |
RD860.4409 |
| Número de documento/Ítem |
R789v |
| Número de edición |
22 |
| 100 1# - ENTRADA PRINCIPAL--NOMBRE DE PERSONA |
| Nombre de persona |
Rosario Candelier, Bruno, |
| Fechas asociadas al nombre |
1941- |
| Término indicativo de función/relación |
autor |
| Código de función/relación |
aut. |
| 9 (RLIN) |
851 |
| 245 10 - MENCIÓN DE TÍTULO |
| Título |
Valores de las letras dominicanas / |
| Mención de responsabilidad, etc. |
Bruno Rosario Candelier. |
| 264 ## - PRODUCCIÓN, PUBLICACIÓN, DISTRIBUCIÓN, FABRICACIÓN Y COPYRIGHT |
| Producción, publicación, distribución, fabricación y copyright |
Santiago de los Caballeros, República Dominicana : |
| Nombre del de productor, editor, distribuidor, fabricante |
PUCMM, |
| Fecha de producción, publicación, distribución, fabricación o copyright |
1991. |
| 300 ## - DESCRIPCIÓN FÍSICA |
| Extensión |
433 páginas ; |
| Dimensiones |
23 cm. |
| 336 ## - TIPO DE CONTENIDO |
| Término de tipo de contenido |
texto |
| Código de tipo de contenido |
txt |
| Fuente |
rdacontent |
| 337 ## - TIPO DE MEDIO |
| Nombre/término del tipo de medio |
sin mediación |
| Código del tipo de medio |
n |
| Fuente |
rdamedia |
| 490 ## - MENCIÓN DE SERIE |
| Mención de serie |
Estudios |
| 500 ## - NOTA GENERAL |
| Nota general |
Incluye datos biográficos del autor en la contracubierta. |
| 505 0# - NOTA DE CONTENIDO CON FORMATO |
| Título |
Introducción : |
| -- |
Las generaciones literarias dominicanas -- |
| Información miscelánea |
LÍRICA -- |
| Título |
Tendencias y agrupaciones poéticas dominicanas -- |
| -- |
Emilio García Godoy : memoranzas y poemas -- |
| -- |
Domingo Moreno Jimemes, vínculo de los eterno -- |
| -- |
Manuel del Cabral, poeta social y metafísico -- |
| -- |
Tomás Morel en el corazón del folklore -- |
| -- |
Octavio Guzmán Carretero, un lírico socio-realista -- |
| -- |
Franklin Mieses Burgos, un barroco transcendente -- |
| -- |
Mariano Lebrón Saviñón, un lírico neoromántico -- |
| -- |
Antonio Fernández Spencer y su cosmovisión poética -- |
| -- |
Manuel Valerio o la metafísica de su pasión interior -- |
| -- |
Manuel Rueda, entre la tradición y la renovación -- |
| -- |
Freddy Gatón Arce o la búsqueda de la identidad nacional -- |
| -- |
Víctor Villegas o la revelación de un desgarramiento -- |
| -- |
Cayo Cláudio Espinal, creador de una nueva sensibilidad -- |
| -- |
José Enrique García o la aventura visionaria del fabulador -- |
| -- |
Enriquillo Sánchez, un poeta fluvial y luminoso -- |
| -- |
Pedro José Gris y su lírica reflexiva -- |
| -- |
José Mármol: pensamiento y poesía -- |
| -- |
Julio Adames o el temblor primigenio de su creación -- |
| -- |
Carmen Sánchez o el aliento poético con vibración canora. |
| 505 0# - NOTA DE CONTENIDO CON FORMATO |
| Información miscelánea |
NARRATIVA -- |
| Título |
El cuento en Santo Domingo -- |
| -- |
La cuentística de Juan Bosch -- |
| -- |
Amiama, el terrateniente o la nostalgia de la tierra -- |
| -- |
Hilma Contreras: el aliento emocional de una cuentística -- |
| -- |
Aída Cartagena: el aporte de Escalera para Electra -- |
| -- |
Virgilio Díaz Grullón: el espejo de la apelacin interior -- |
| -- |
Deive, las desvastaciones o las caracterización epocal -- |
| -- |
Marcio Veloz Maggiolo en la fantasía del amor -- |
| -- |
Aída Bonnelly y sus variaciones sensoriales -- |
| -- |
Diógenes Valdez y la creación metanarrativa -- |
| -- |
José Alcántara Almánzar y su reclamo narrativo -- |
| -- |
Bernardo Vega: historia y ficción en Domini Canes -- |
| -- |
La narrativa de Roberto Marcallé Abréu -- |
| -- |
Johanna Goede: una nueva veta creadora -- |
| Información miscelánea |
CRÍTICA Y ENSAYO -- |
| Título |
Generaciones y tendencias críticas dominicanas -- |
| -- |
La República Dominicana de Enrique Deschamps -- |
| -- |
Pedro Henríquez Ureña: Filólogo de América -- |
| -- |
Joaquín Balaguer: Las bases de una crítica retórica -- |
| -- |
Juan Bosch: Biografía de David con reflexión estética y moral -- |
| -- |
Una confluencia singular: Rubén Darío y Santo Domingo -- |
| -- |
Antología de mujeres poetas de Daysi Cocco -- |
| -- |
El negro en la poesía dominicana, de Vicenta Caamaño -- |
| -- |
Manuel Núñez: Historia, cultura y nación. |
| 590 ## - NOTA LOCAL (RLIN) |
| Nota local |
Inventariado, 2018/LP |
| 650 14 - PUNTO DE ACCESO ADICIONAL DE MATERIA--TÉRMINO DE MATERIA |
| Término de materia o nombre geográfico como elemento de entrada |
Literatura dominicana |
| Subdivisión general |
Historia y crítica |
| 9 (RLIN) |
159 |
| 650 14 - PUNTO DE ACCESO ADICIONAL DE MATERIA--TÉRMINO DE MATERIA |
| Término de materia o nombre geográfico como elemento de entrada |
Autores dominicanos |
| Subdivisión general |
Crítica e interpretación |
| 9 (RLIN) |
158 |
| 710 2# - PUNTO DE ACCESO ADICIONAL--NOMBRE DE ENTIDAD CORPORATIVA |
| Nombre de entidad corporativa o nombre de jurisdicción como elemento de entrada |
Pontificia Universidad Católica Madre y Maestra |
| 9 (RLIN) |
843 |
| 910 ## - DATOS DE OPCIÓN DEL USUARIO (OCLC) |
| Datos de opción del usuario |
Validado. Control de calidad EMS. |
| 942 ## - ELEMENTOS DE PUNTO DE ACCESO ADICIONAL (KOHA) |
| Fuente del sistema de clasificación o colocación |
Dewey Decimal Classification |
| Tipo de ítem Koha |
Libro |